| 000 | 00458nam a2200181Ia 4500 | ||
|---|---|---|---|
| 008 | 210719s1983 xx 000 0 und d | ||
| 020 | _a0030626137 | ||
| 041 | _aeng | ||
| 082 | _a658.8 TALC | ||
| 100 | _aTALARZYK (W Wayne) | ||
| 245 | _aContemporary cases in marketing. Ed 3. | ||
| 250 | _a3 | ||
| 260 |
_aLondon. _bThe Dryden Press., _c1983 |
||
| 300 |
_axii,404 _bPB |
||
| 365 | _cRs | ||
| 650 | _aMarketing Management | ||
| 906 | _aCases Marketing | ||
| 999 |
_c212420 _d212420 |
||